Computer programming examples for chemical engineers
Na minha lista:
| Autor principal: | |
|---|---|
| Formato: | Livro |
| Idioma: | inglês |
| Publicado em: |
Amsterdam
Elsevier
1987
|
| Colecção: | Computer-Aided Chemical Engineering, 3
|
| Assuntos: | |
| Tags: |
Adicionar Tag
Sem tags, seja o primeiro a adicionar uma tag!
|
MARC
| LEADER | 00000nam a2200000 a 4500 | ||
|---|---|---|---|
| 001 | UCV6992 | ||
| 003 | CL-VaPUC | ||
| 008 | 900516e19870000NE |||||||||||||||||eng|d | ||
| 082 | 0 | 4 | |a 001.642 |b ROS |2 21 |
| 100 | 0 | |a Ross, George |e author |9 300974 | |
| 245 | 1 | 0 | |a Computer programming examples for chemical engineers |
| 300 | |a 296 p | ||
| 942 | |c BK | ||
| 945 | |d 19900516 00:00:00 | ||
| 260 | |a Amsterdam |b Elsevier |c 1987 | ||
| 650 | 7 | |a INGENIERIA QUIMICA |2 CL-VaPUC |9 8 | |
| 650 | 7 | |a PROGRAMAS PARA COMPUTADOR |2 CL-VaPUC |9 300975 | |
| 583 | |a last modification |c 19900516 00:00:00 |k Rodrigo Vera | ||
| 490 | 0 | |a Computer-Aided Chemical Engineering, 3 | |
| 999 | |c 212756 |d 212754 | ||
| 952 | |0 0 |1 0 |4 0 |6 001_642000000000000_ROS_1987 |7 0 |8 P |9 194325 |a BIBING |b BIBING |d 2019-11-14 |i 2625288 |o 001.642 ROS 1987 |p 2625288 |r 2023-03-02 |w 2019-11-14 |y BK |k EIQ | ||